banner-ar

الطبيب :مجلة طبية علمية صناعية / (Record no. 27063)

MARC details
000 -الفاتح
حقل البيانات ثابتة الطول 00750nam a2200229Ia 4500
008 - عناصر البيانات ثابتة الطول - معلومات عامة
حقل البيانات ثابتة الطول 140319s9999 xx 000 0 ara d
040 ## - مصدر الفهرسة
وكالة الفهرسة الأصلية GCL /
وكالة النسخ GCL
082 04 - رقم تصنيف ديوى العشرى
رقم التصنيف د
رقم المادة 050
-- اا
100 1# - المدخل الرئيسى - إسم شخصى
الإسم الشخصى الشيخ ابراهيم اليازجى
245 10 - بيان العنوان
العنوان الطبيب :مجلة طبية علمية صناعية /
بيان المسئوليه,etc الشيخ ابراهيم اليازجى
700 1# - المدخل الاضافى - اسم شخصى
الإسم الشخصى خليل سعادة
700 1# - المدخل الاضافى - اسم شخصى
الإسم الشخصى بشارة زلزل
300 ## - الوصف المادى
التعداد 20
490 ## - بيان السلسلة
عنوان السلسلة روايات عالمية للاطفال
رقم المجلد/ التعيين التسلسلي 0
650 04 - المدخل الاضافى بالموضوع-مصطلح موضوعى
مصطلح موضوعي الطب
650 04 - المدخل الاضافى بالموضوع-مصطلح موضوعى
مصطلح موضوعي العلوم
650 04 - المدخل الاضافى بالموضوع-مصطلح موضوعى
مصطلح موضوعي الصناعات
650 04 - المدخل الاضافى بالموضوع-مصطلح موضوعى
مصطلح موضوعي الصناعة
942 ## - عناصر المدخل الإضافي( كوها)
مصدر التصنيف او مخطط الترفيف Dewey Decimal Classification
Koha [default] item type ملف كمبيوتر
260 ## - PUBLICATION, DISTRIBUTION, ETC. (IMPRINT)
-- [S.N] :
-- الشيخ ابراهيم اليازجى و الدكتور بشارة زل
Holdings
حالة التراجع حالة الفقد حالة تلف ليس للاعارة المكان المؤقت الموقع الحالى تاريخ الاكتساب اجمالي اﻻعارات رقم الطلب الباركود تاريخ اخر مشاهدة تاريخ تفعيل السعر نوع وعاء كوها
        مكتبة القاهرة الكبرى مكتبة القاهرة الكبرى 03/26/2014   د\050\اا 59508 03/26/2014 03/26/2014 ملف كمبيوتر
        مكتبة القاهرة الكبرى مكتبة القاهرة الكبرى 03/26/2014   د\050\اا 59509 03/26/2014 03/26/2014 ملف كمبيوتر

Powered By

EGPV